000 00676nam a2200241Ia 4500
003 OSt
005 20221005123524.0
006 a|||||r|||| 00| 0
007 ta
008 221004b |||||||| |||| 00| 0 ara d
020 _a9770919624 (pbk)
_c130
024 _a39281
037 _b240, 13/03/2009, Nadwi Publications
_cTextual
040 _aCRL
_cCRL
_bara
041 _2ara
_aara
082 _aO28,1NFQ,3, P7
100 _aJaveda Farooq Au.
245 0 _aLin abeeul umar
260 _c2007
650 _aARABIC POETRY
942 _hO28,1NFQ,3, P7
_cTEXL
_2cc
999 _c1047680
_d1047680